| 000 | 00338nam a22001457a 4500 | ||
|---|---|---|---|
| 003 | SGT | ||
| 020 | _a9781403911126 | ||
| 082 |
_a320.954 _bA03G |
||
| 100 | _aGAUBA, O.P | ||
| 245 | _aAN INTRODUCTION TO POLITICAL THEORY | ||
| 260 |
_aINDIA _bMACMILLAN INDIA LTD. _c2003 |
||
| 300 | _a509 | ||
| 650 | _aINDIAN POLITICS | ||
| 942 |
_2ddc _cBK |
||
| 999 |
_c26267 _d26267 |
||